000 00617nam a22001937a 4500
999 _c172325
_d172325
005 20200131164914.0
010 _aA-688049
020 _c20.00
_a-
035 _aA-688049
037 _bDBAD/PUB
_a-
082 _a841.08
100 _aمحمد ا مين ا ند ر ا بی
245 _aا قبا ليا ت 4
_cمحمد ا مين ا ند ر ا بی
246 _bIqbaliyat -4 (Urdu)
_aby mohd. Ameen Indrabi
260 _aSri Nagar
_bIqbal Institute
_c1988 ء
270 _aKashmir University,
_bSri Nagar
_e-
_k-
_l-
300 _a138 ص
_c22 Cm(Hb)
942 _2ddc
_cUR
_h841.08
_mا ق ب